| 000 | 01160nam a22002897a 4500 | ||
|---|---|---|---|
| 999 |
_c14909 _d14909 |
||
| 003 | EG-ScBUE | ||
| 005 | 20210206101323.0 | ||
| 008 | 110118s1994 ua f 000 0 ara d | ||
| 017 | _a1994/2544 | ||
| 020 | _a9770136964 | ||
| 040 |
_aEG-ScBUE _bara _erda _cEG-ScBUE _dEG-ScBUE |
||
| 082 | 0 | 4 |
_a892.736 _bإ ب ي _222 |
| 100 | 1 |
_922044 _aالإبياري، فتحي، _d1934- _eمؤلف. |
|
| 245 | 1 |
_aعالم تيمور القصصي : _bدراسة في فن القصة والرواية عند شيخ القصة العربية : محمود تيمور / _cفتحي الإبياري. |
|
| 250 | _aالطبعة الثانية. | ||
| 264 | 1 |
_aالقاهرة : _bالهيئة المصرية العامة للكتاب، _c1994. |
|
| 300 |
_a353 صفحة ؛ _c22 سم |
||
| 336 |
_2rdacontent _aنص _btxt |
||
| 337 |
_2rdamedia _aبدون وسيط _bn |
||
| 338 |
_2rdacarrier _aمجلد _bnc |
||
| 600 | 1 | 7 |
_aتيمور، محمود، _d1894-1973. _2BUEsh |
| 650 | 7 |
_922045 _aالقصص العربية _zمصر _xتاريخ ونقد. _2BUEsh |
|
| 651 | _2BUEsh | ||
| 653 |
_bARALIT _cFebruary2021 |
||
| 655 |
_vReading book _934232 |
||
| 942 |
_2ddc _cBB |
||